Every team from F1, F2, and F3 - Statistics

General Stats
  • This quiz has been taken 52 times
  • The average score is 20 of 31
Answer Stats
Series 2025 Drivers Answer % Correct
F1 Lewis Hamilton, Charles Leclerc Ferrari
98%
F1 Lando Norris, Oscar Piastri Mclaren
98%
F1 Kimi Antonelli, George Russell Mercedes
98%
F1 Max Verstappen, Yuki Tsunoda Red Bull
87%
F1 Jack Doohan, Pierre Gasly Alpine
84%
F1 Fernando Alonso, Lance Stroll Aston Martin
84%
F1 Estaban Ocon, Ollie Bearman Haas
84%
F1 Nico Hulkenburg, Gabriele Bortoleto Sauber
84%
F1 Carlos Sainz, Alex Albon Williams
84%
F1 Isack Hadjar, Liam Lawson RB
78%
F2 Josep Marti, Arvid Lindblad Campos
69%
F2 Sebastian Montoya, Gabriele Minì Prema
67%
F2 Leonardo Fornaroli, Roman Stanek Invicta
62%
F2 Joshua Durksen, Cian Shields AIX
60%
F2 Oliver Goethe, Richard Verschoor MP
60%
F2 Laurens van Hoepen, Martinius Stenshorne Trident
60%
F2 Jak Crawford, Kush Maini Dams
58%
F2 Luke Browning, Dino Beganovic Hitech
58%
F3 Brando Badoer, Noel León, Ugo Ugochukwu Prema
56%
F2 Christian Mansell, Alexander Dunne Rodin
56%
F2 Victor Martins, Ritomo Miyata ART
53%
F3 Mari Boya, Tasanapol Inthraphuvasak, Nikola Tsolov Campos
53%
F3 Noah Stromsted, Rafeal Camara,Charlie Wurz Trident
51%
F3 Martinius Stenshorne, Joshua Dufek, Gerrard Xie Hitech
49%
F3 Tim Tramnitz, Bruno Del Pino, Alessandro Giusti MP
49%
F3 Laurens van Hoepen, Tuukka Taponen, James Wharton ART
47%
F3 Nicola Lacorte, Matias Zagazeta, Christian Ho Dams
47%
F3 Callum Voisin, Louis Sharp, Roman Bilinski Rodin
47%
F2 John Bennet, Rafael Villagomez VAR
47%
F3 Théophile Naël, Santiago Ramos, Ivan Domingues VAR
44%
F3 Javier Sagrera, Nicola Marinangeli, TBD AIX
38%
No matching quizzes found
Score Distribution
Percent of People with Each Score
Percentile by Number Answered
Your Score History
You have not taken this quiz